Pokemon commençant par la lettre C - Gen 1 à 9 - Statistiques

Statistiques générales
  • Ce quiz a été pris 72 fois
    56 depuis la dernière actualisation
  • Le résultat moyen est 56 sur 116
Statistiques - réponses
Réponse % Correct
Carabaffe
83%
Carapuce
83%
Chenipan
81%
Créfadet
81%
Créfollet
81%
Créhelf
81%
Canarticho
78%
Chrysacier
78%
Carchacrok
75%
Carmache
72%
Crocrodil
72%
Camérupt
67%
Chaffreux
67%
Chaglam
67%
Chartor
67%
Chenipotte
67%
Cheniselle
67%
Cacnea
64%
Cacturne
64%
Ceribou
64%
Chamallot
64%
Chimpenfeu
64%
Cizayox
64%
Capumain
61%
Ceriflor
61%
Cheniti
61%
Coconfort
61%
Couaneton
61%
Cresselia
61%
Caninos
58%
Capidextre
58%
Celebi
58%
Castorno
56%
Clamiral
56%
Coiffeton
56%
Crocorible
56%
Cabriolaine
53%
Cadoizo
53%
Canarbello
53%
Carapagos
53%
Caratroc
53%
Charmillon
53%
Chetiflor
53%
Chochodile
53%
Clic
53%
Chacripan
50%
Chapignon
50%
Charbambin
50%
Charbi
50%
Cliticlic
50%
Coatox
50%
Colossinge
50%
Cradopaud
50%
Crustabri
50%
Cancrelove
47%
Carabing
47%
Carmadura
47%
Charpenti
47%
Cobaltium
47%
Colhomard
47%
Corayon
47%
Crocogril
47%
Cablifere
44%
Cerfrousse
44%
Charmina
44%
Chuchmur
44%
Crabominable
44%
Crikzik
44%
Croquine
44%
Charibari
42%
Charkos
42%
Chevroum
42%
Chlorobule
42%
Chrysapile
42%
Coquiperl
42%
Coupenotte
42%
Candine
39%
Chapotus
39%
Chelours
39%
Coleodome
39%
Colimucus
39%
Corayome
39%
Courrousinge
39%
Couverdure
39%
Crabagarre
39%
Crapustule
39%
Croaporal
39%
Carvanha
36%
Charmilly
36%
Corbos
36%
Cornèbre
36%
Corvaillus
36%
Couafarel
36%
Coxy
36%
Coxyclaque
36%
Crabaraque
36%
Crabicoque
36%
Cocotine
33%
Colombeau
33%
Cotovol
33%
Craparoi
33%
Cerbyllin
31%
Chinchidou
31%
Concombaffe
31%
Coudlangue
31%
Crèmy
31%
Chovsourir
28%
Cochignon
25%
Cosmog
22%
Cosmovum
22%
Cryodo
22%
Cupcanaille
22%
Chongjian
19%
Cléopsytra
19%
Cryptéro
19%
Compagnol
14%
Aucun quiz correspondant
Distribution des résultats
% des personnes avec chaque résultat
Percentile par nombre de réponses
Votre historique - résultats
Vous n’avez pas pris ce quiz depuis la dernière actualisation